Keeping Christmas : Yuletide traditions in Norway and the new land /

Bibliographic Details
Main Author: Stokker, Kathleen, 1946-
Format: Book
Language:English
Published: St. Paul, Minn. : Minnesota Historical Society Press, [2000]
Subjects:

MARC

Tag First Indicator Second Indicator Subfields
LEADER 00000pam a22000004a 4500
001 in00001564310
005 20151022091713.0
008 000612s2000 mnua b 001 0 eng
010 |a  00056085  
020 |a 0873513894 (cloth : alk. paper) 
020 |a 0873513908 (pbk. : alk. paper) 
035 |a (OCoLC)ocm44461971 
040 |a DLC  |c DLC  |d TXA  |d UtOrBLW 
042 |a pcc 
043 |a e-no---  |a n-us--- 
049 |a TXAM 
050 0 0 |a GT4987.59  |b .S76 2000 
082 0 0 |a 263/.915/09481  |2 21 
100 1 |a Stokker, Kathleen,  |d 1946- 
245 1 0 |a Keeping Christmas :  |b Yuletide traditions in Norway and the new land /  |c Kathleen Stokker. 
264 1 |a St. Paul, Minn. :  |b Minnesota Historical Society Press,  |c [2000] 
264 4 |c ©2000 
300 |a xxiii, 355 pages :  |b illustrations ;  |c 24 cm. 
336 |a text  |b txt  |2 rdacontent 
337 |a unmediated  |b n  |2 rdamedia 
338 |a volume  |b nc  |2 rdacarrier 
504 |a Includes bibliographical references (pages 339-346) and index. 
650 0 |a Christmas  |z Norway  |x History. 
651 0 |a Norway  |x Social life and customs. 
650 0 |a Christmas  |z United States  |x History. 
650 0 |a Norwegian Americans  |x Social life and customs. 
948 |a cataloged  |b h  |c 2000/11/30  |d c  |e eneff  |f 10:03:31 am 
994 |a E0  |b TXA 
999 |a MARS 
999 f f |s 03ab90b5-e9cb-3323-9c62-39368cac6f9b  |i edda96bc-8da0-3511-b059-d8acaf561586  |t 0 
952 f f |p normal  |a Texas A&M University  |b College Station  |c Sterling C. Evans Library  |d Evans: Library Stacks  |t 0  |e GT4987.59 .S76 2000  |h Library of Congress classification  |i unmediated -- volume  |m A14826846104 
998 f f |a GT4987.59 .S76 2000  |t 0  |l Evans: Library Stacks